| 000 | 01460cam a22003374a 4500 | ||
|---|---|---|---|
| 001 | 13867847 | ||
| 003 | EG-ScBUE | ||
| 005 | 20250728092758.0 | ||
| 008 | 050211t2005 enka f b 001 0 eng d | ||
| 020 | _a9780470093498 | ||
| 020 | _a0470093498 (pbk. : alk. paper) | ||
| 040 |
_aDLC _beng _erda _cDLC _dDLC _dEG-ScBUE |
||
| 082 | 0 | 4 |
_a543.0873 _222 _bDEA |
| 100 | 1 |
_aDean, John R., _eauthor. _96258 |
|
| 245 | 1 | 0 |
_aPractical inductively coupled plasma spectroscopy / _cJohn R. Dean, Northumbria University, Newcastle, UK. |
| 264 | 1 |
_aWest Sussex, England : _bJohn Wiley & Sons, _c[2005] |
|
| 264 | 4 | _cc2005 | |
| 300 |
_axxi, 184 pages : _billustrations ; _c23 cm. |
||
| 336 |
_2rdacontent _atext _btxt |
||
| 337 |
_aunmediated _2rdamedia _bn |
||
| 338 |
_avolume _bnc _2rdacarrier |
||
| 490 | 0 | _aAnalytical techniques in the sciences | |
| 504 | _aIncludes bibliographical references and index. | ||
| 650 | 7 |
_aInductively coupled plasma spectrometry. _2BUEsh _96260 |
|
| 655 | _vReading book | ||
| 856 | 4 | 1 |
_3Table of contents only _uhttp://www.loc.gov/catdir/toc/ecip057/2005004183.html |
| 856 | 4 | 2 |
_3Contributor biographical information _uhttp://www.loc.gov/catdir/enhancements/fy0621/2005004183-b.html |
| 856 | 4 | 2 |
_3Publisher description _uhttp://www.loc.gov/catdir/enhancements/fy0621/2005004183-d.html |
| 942 |
_2ddc _cBB |
||
| 999 |
_c11853 _d11853 |
||